Introduction to Robotics Analysis, Systems, Applications / (Record no. 674)
[ view plain ]
| 000 -LEADER | |
|---|---|
| fixed length control field | 00934nac a22002171u 4500 |
| 008 - FIXED-LENGTH DATA ELEMENTS--GENERAL INFORMATION | |
| fixed length control field | 100915t xxu||||| |||| 00| 0 eng d |
| 010 ## - LIBRARY OF CONGRESS CONTROL NUMBER | |
| LC control number | 2002279536 |
| 020 ## - INTERNATIONAL STANDARD BOOK NUMBER | |
| International Standard Book Number | 8120323793 |
| 035 ## - SYSTEM CONTROL NUMBER | |
| System control number | (OCoLC)ocm48513940 |
| 082 00 - DEWEY DECIMAL CLASSIFICATION NUMBER | |
| Classification number | 629.892 |
| Item number | NIK |
| 100 ## - MAIN ENTRY--PERSONAL NAME | |
| Personal name | Niku, Saeed B. |
| 9 (RLIN) | 19199 |
| 245 13 - TITLE STATEMENT | |
| Title | Introduction to Robotics Analysis, Systems, Applications / |
| Statement of responsibility, etc | Saeed B. Niku. |
| 246 30 - VARYING FORM OF TITLE | |
| Title proper/short title | Robotics analysis, systems, applications |
| 260 ## - PUBLICATION, DISTRIBUTION, ETC. (IMPRINT) | |
| Place of publication, distribution, etc | New Delhi : |
| Name of publisher, distributor, etc | Prentice Hall of India, |
| Date of publication, distribution, etc | c2003. |
| 300 ## - PHYSICAL DESCRIPTION | |
| Extent | xiv, 349 p. : |
| Other physical details | ill. ; |
| Dimensions | 24 cm. |
| 504 ## - BIBLIOGRAPHY, ETC. NOTE | |
| Bibliography, etc | Includes bibliographical references and index. |
| 650 #0 - SUBJECT ADDED ENTRY--TOPICAL TERM | |
| Topical term or geographic name as entry element | Robotics. |
| 9 (RLIN) | 19200 |
| 856 41 - ELECTRONIC LOCATION AND ACCESS | |
| Materials specified | Table of contents |
| Uniform Resource Identifier | <a href="http://www.loc.gov/catdir/toc/fy032/2002279536.html">http://www.loc.gov/catdir/toc/fy032/2002279536.html</a> |
| 942 ## - ADDED ENTRY ELEMENTS (KOHA) | |
| Item type | Book - Borrowing |
| Call number prefix | 629.892NIK |
| Source of classification or shelving scheme | Dewey Decimal Classification |
| Withdrawn status | Item status | Source of classification or shelving scheme | Damaged status | Not for loan | Vendor | Home library | Current library | Shelving location | Date acquired | Source of acquisition | Cost, normal purchase price | Total Checkouts | Total Renewals | Full call number | Barcode | Date last seen | Date last borrowed | Cost, replacement price | Koha item type |
|---|---|---|---|---|---|---|---|---|---|---|---|---|---|---|---|---|---|---|---|
| Dewey Decimal Classification | Central Library | Central Library | First floor | 15/09/2010 | 100.00 | 7 | 19 | 629.892 NIK | 000003931 | 15/07/2025 | 16/03/2023 | 125.00 | Book - Borrowing |